000 00702nam a22001817a 4500
999 _c370859
_d370859
008 201130b ||||| |||| 00| 0 eng d
040 _bger
_cDE-2950
_erda
_aDE-2950
041 _ager
245 _a3G-Nachweis in Gaststätten kehrt zurück.
_bCorona: Bereits fünf Tage in Folge liegt die Inzidenz über 20. Drinnen werden jetzt wieder Impf- und Testnachweise zur Pflicht./
_cnmw.
264 _c2021
653 _aFrankfurt (Oder)
653 _aCorona
773 _dFrankfurt (Oder): Märkisches Verlags- und Druckhaus GmbH & Co KG
_g32. Jahrgang (2021) Nr. 227 vom 29.09.2021, S. 13
_tMärkische Oderzeitung
942 _cA